Beales, Derek Edward Dawson, 1931-. Joseph II. - Cambridge [u.a.] : Cambridge Univ. Press [Rezension]
| Titel: | Beales, Derek Edward Dawson, 1931-. Joseph II. - Cambridge [u.a.] : Cambridge Univ. Press [Rezension] |
|---|---|
| Verfasser: | |
| In: |
Revue historique, Band 135/113, Heft 658 (2011), Seite 442-447 alle Artikel anzeigen |
| Veröffentlicht: | 2011 |
| Format: | Aufsatz |
| Sprache: | Französisch |
X
alg: 39505174
001A $01999:12-11-16
001B $01999:04-08-21 $t21:03:14.000
001D $01999:12-11-16
001U $0utf8
001X $00
002@ $0Aox
003@ $0395051746
007A $0395051746 $aHEB
007T $0Herdc0076651m
010@ $afre
011@ $a2011
021A $aBeales, Derek Edward Dawson, 1931-. @Joseph II. - Cambridge {[u.a.] : Cambridge Univ. Press [Rezension]
028A $aMichaud $dClaude
031A $d135/113 $e658 $h442-447 $j2011
039B $aIn $8--Abvc--. Revue historique. - Paris : Presses Univ. de France, 1876-. - ISSN 0035-3264 $x201100001350658558 $9047310693
039T $8--Acu--Beales, Derek Edward Dawson$Z1931-2023 [Tp1]. Joseph II. - Cambridge {[u.a.] : Cambridge Univ. Press $9007488491
045F $a900.9439 $eDDC23BSB
045F/01 $a900
045F/03 $g439
045T $a8
lok: 39505174 78
exp: 39505174 78 1 #EPN
201B/01 $018-11-16 $t13:35:47.000
201U/01 $0utf8
203@/01 $0791350371
208@/01 $a12-11-16 $be
209A/01 $a/ $f000 $x00
220C/01 $aTitelaufnehmer: kk
220C/01 $aHerkunft: HI Marburg
244Z/01 $2Trx $#Ungari $#Vengrija $#Ungārija $#Ungarn $#Hungary $#Węgry $#Maďarsko $#Maďarsko $#Uhorsko $#Uhersko;Uhry $8--Trx--Magyarország $x01 $9391197150
244Z/01 $2Trx $#arvustused $#recenzijos $#Reviews $#recenziók $#recenzje $#recenzie $#recenze $8--Trx--Rezensionen $x02 $9391357441
247C/01 $82080>Marburg/Lahn, Herder-Institut, Forschungsbibliothek, Bibliographieportal $9336309341
| LEADER | 00000caa a22000002c 4500 | ||
|---|---|---|---|
| 001 | 395051746 | ||
| 003 | DE-603 | ||
| 005 | 20210804210314.0 | ||
| 007 | tu | ||
| 008 | 161112s2011 xx |||| | u00||u|fre c | ||
| 035 | |a (DE-599)HEB395051746 | ||
| 040 | |a DE-603 |b ger |c DE-603 |d DE-603 | ||
| 041 | |a fre | ||
| 082 | 0 | 4 | |8 1\u |a 900.9439 |q DE-101 |2 23/BSB |
| 084 | |a 8 |2 ssgn | ||
| 085 | |8 1\u |b 900 | ||
| 085 | |8 1\u |z 2 |s 439 | ||
| 100 | 1 | |a Michaud, Claude | |
| 245 | 0 | 0 | |a Beales, Derek Edward Dawson, 1931-. Joseph II. - Cambridge [u.a.] : Cambridge Univ. Press [Rezension] |
| 264 | 0 | |c 2011 | |
| 773 | 0 | 8 | |i In |t Revue historique |d Paris : Presses Univ. de France, 1876- |x 0035-3264 |g Band 135/113, Heft 658 (2011), Seite 442-447 |w (DE-603)047310693 |w (DE-600)209825-8 |
| 787 | 0 | 8 | |i Rezension von |a Beales, Derek Edward Dawson, 1931-2023 |t Joseph II |d Cambridge [u.a.] : Cambridge Univ. Press |w (DE-603)007488491 |
| 924 | 0 | |9 2080 |a (DE-603)791350371 |b DE-2080 |c HES |d d |g / | |


